000 00362nam a2200121 4500
008 180213b xxu||||| |||| 00| 0 eng d
100 _926424
_aCariño, Conrad.
245 _aNative corn varieties getting conserved/
_cConrad Cariño.
260 _aPhilippines:
_bThe Manila Times,
_cc2017.
300 _apage B6.
650 0 _926425
_aAgriculture.
942 _2ddc
_cPER
999 _c8601
_d8601